<?xml version="1.0" encoding="UTF-8"?>
<record
    xmlns:xsi="http://www.w3.org/2001/XMLSchema-instance"
    xsi:schemaLocation="http://www.loc.gov/MARC21/slim http://www.loc.gov/standards/marcxml/schema/MARC21slim.xsd"
    xmlns="http://www.loc.gov/MARC21/slim">

  <leader>01036nam a22002055i 4500</leader>
  <controlfield tag="001">153205</controlfield>
  <controlfield tag="003">ES-MaACL</controlfield>
  <controlfield tag="005">20250901015451.0</controlfield>
  <controlfield tag="008">050905s1902    sp     | |||||||| ||spa d</controlfield>
  <datafield tag="100" ind1="1" ind2=" ">
    <subfield code="a">Comenge y Ferrer, Luis, </subfield>
    <subfield code="d">1854-1916</subfield>
    <subfield code="9">126554</subfield>
  </datafield>
  <datafield tag="245" ind1="1" ind2="0">
    <subfield code="a">Euforia social : </subfield>
    <subfield code="b">memoria reglamentaria para la inauguraci&#xF3;n del curso 1902 de la Academia del Cuerpo M&#xE9;dico Municipal de Barcelona / </subfield>
    <subfield code="c">por Luis Comenge y Ferrer.</subfield>
  </datafield>
  <datafield tag="260" ind1=" " ind2=" ">
    <subfield code="a">Barcelona : </subfield>
    <subfield code="b">[s.n.], </subfield>
    <subfield code="c">1902 (</subfield>
    <subfield code="f">Imp. de la Casa Provincial de Caridad)</subfield>
  </datafield>
  <datafield tag="300" ind1=" " ind2=" ">
    <subfield code="a">43 p. ; </subfield>
    <subfield code="c">26 cm.</subfield>
  </datafield>
  <datafield tag="530" ind1=" " ind2=" ">
    <subfield code="a">Disponible en formato digital.</subfield>
  </datafield>
  <datafield tag="650" ind1=" " ind2="7">
    <subfield code="a">Emociones y sentimientos (Filosof&#xED;a)</subfield>
    <subfield code="2">embne</subfield>
    <subfield code="9">12198</subfield>
  </datafield>
  <datafield tag="710" ind1="2" ind2=" ">
    <subfield code="a">Academia del Cuerpo M&#xE9;dico Municipal de Barcelona.</subfield>
    <subfield code="9">172868</subfield>
  </datafield>
  <datafield tag="852" ind1=" " ind2=" ">
    <subfield code="a">ES-MaACL</subfield>
    <subfield code="j">T-985-F-12 </subfield>
    <subfield code="z">- Enc. hol., conservando la enc. original </subfield>
    <subfield code="z">- Dedicatoria aut&#xF3;grafa del autor </subfield>
    <subfield code="z">- Enc. en un vol. facticio</subfield>
  </datafield>
  <datafield tag="856" ind1=" " ind2=" ">
    <subfield code="u">http://biblioteca.ateneubcn.org:8080/ateneu/ca/consulta/registro.cmd?id=5823393</subfield>
    <subfield code="z">Ateneu Barcelon&#xE8;s</subfield>
  </datafield>
  <datafield tag="999" ind1=" " ind2=" ">
    <subfield code="c">153205</subfield>
    <subfield code="d">153205</subfield>
  </datafield>
  <datafield tag="952" ind1=" " ind2=" ">
    <subfield code="0">0</subfield>
    <subfield code="1">0</subfield>
    <subfield code="4">0</subfield>
    <subfield code="7">0</subfield>
    <subfield code="8">Colecci&#xF3;n_de_folletos</subfield>
    <subfield code="a">ATENEOM</subfield>
    <subfield code="b">ATENEOM</subfield>
    <subfield code="c">DEPOF</subfield>
    <subfield code="d">2008-01-17</subfield>
    <subfield code="l">0</subfield>
    <subfield code="o">T-985-F-12</subfield>
    <subfield code="p">1160089</subfield>
    <subfield code="r">2023-02-23 00:00:00</subfield>
    <subfield code="w">2023-02-23</subfield>
    <subfield code="y">FOLLETOS</subfield>
  </datafield>
</record>
